[Event "Las Palmas "]
[Site "?"]
[Date "1996.??.??"]
[Round "?"]
[White "Anand, V."]
[Black "Karpov, An"]
[Result "1-0"]
[WhiteElo "2735"]
[BlackElo "2775"]
[PlyCount "71"]
[EventDate "1996.??.??"]

1. Nf3 d5 2. d4 e6 3. c4 dxc4 4. e4 b5 5. a4 c6 6. axb5 cxb5 7. b3 Bb7 8. bxc4
Bxe4 9. cxb5 Nf6 10. Be2 Be7 11. O-O O-O 12. Nc3 Bb7 13. Ne5 a6 (13... Bb4 14.
Bb2 Bxc3 (14... a6 15. Bf3) 15. Bxc3 a6 (15... Qd5 16. Nf3 $14) 16. Bf3 $1 $14)
14. Bf3 Nd5 (14... Bxf3 15. Qxf3 Qxd4 16. Qxa8 Qxc3 17. Bf4 $14) 15. Nxd5 exd5
16. Rb1 $1 Qb6 17. Be2 $3 axb5 18. Rxb5 Qc7 19. Bf4 Bd6 20. Bd3 Ba6 21. Bxh7+
$1 {Anand csak pár másodpercre vette figyelembe 21.Bxd5-öt, de egyáltalán nem
állt érdekében "csak" egy gyalogelõnyös állást játszania.} (21. Rxd5 $16) 21...
Kxh7 22. Qh5+ Kg8 23. Rb3 Bxe5 $2 {A hibás döntés után sötét állása többé nem
védhetõ.} (23... Bc8 $6 24. Rg3 Qe7 (24... Ra3 25. f3 (25. Rxg7+ Kxg7 26. Bh6+
Kf6 27. Re1 Rg8 28. Qh4+ Ke6 29. Ng4+ Kd7 30. Nf6+ Kc6 31. Rc1+ Kb7 32. Rxc7+
Bxc7 $13) 25... Qe7 26. Rc1 $1 Qf6 27. Bh6 Bxe5 28. dxe5 Qb6+ 29. Kh1 g6 30.
Bxf8 Rc3 31. Qh6 Rxc1+ 32. Qxc1 $18) 25. Bh6 $1 (25. Bg5 Qe6 26. Bh6 Bxe5 27.
dxe5 g6 28. Bxf8 Kxf8 $13) 25... Bxe5 26. dxe5 g6 27. e6 $1 Bxe6 (27... Qxe6
28. Bxf8 $18) 28. Qe5 f6 29. Rxg6+ $1 $18) (23... f6 $1 24. Rh3 fxe5 25. dxe5
Qc4 $1 (25... Rxf4 26. e6 Kf8 27. Qh8+ Ke7 28. Qxg7+ Kxe6 29. Re1+ $1 Re4 30.
Rh6+ $18) 26. Re1 $1 Qxf4 27. Qh7+ Kf7 28. exd6 Nc6 (28... Re8 29. Qh5+ g6 30.
Re7+ $3 Rxe7 (30... Kf6 31. Qf3 $1 $18) 31. Qh7+ Kf6 (31... Kf8 32. dxe7+ Ke8
33. Qxg6+ Kxe7 34. Rh7+ $18) 32. Qxe7+ Kf5 33. Qf8+ $1 Ke5 34. Re3+ $18) 29.
Rf3 Qxf3 30. gxf3 Bc4 31. h4 $18 {Világos elõnye a d szabadgyalog miatt nem
kétséges, de mégis ez adta sötétnek a legjobb esélyt.} (31. Kh1 $18)) 24. Rh3
f6 25. dxe5 $18 Qe7 (25... Qc4 26. Re1 $1 Qxf4 27. Qh7+ Kf7 28. e6+ Ke8 29.
Qg6+) 26. Qh7+ Kf7 27. Rg3 Ke8 (27... Rg8 28. Qg6+ Kf8 29. exf6) 28. Rxg7 (28.
exf6 $1 gxf6 (28... Rxf6 29. Rxg7 Qe6 30. Qh5+ Rf7 31. Rxf7 Qxf7 32. Re1+ $18)
(28... Qxf6 29. Re1+) 29. Re3 Qxe3 30. fxe3 Bxf1 31. Bd6 $18) 28... Qe6 29.
exf6 Nc6 30. Ra1 Kd8 31. h4 Bb7 (31... Nd4 32. Bc7+ Kc8 33. Ba5 $18) 32. Rc1
Ba6 33. Ra1 Bb7 34. Rd1 Ba6 35. Qb1 $1 Rxf6 36. Bg5 $138 1-0

[Event "Biel "]
[Site "?"]
[Date "1997.??.??"]
[Round "?"]
[White "Anand, V."]
[Black "Lautier, J."]
[Result "1-0"]
[WhiteElo "2765"]
[BlackElo "2660"]
[PlyCount "49"]
[EventDate "1997.??.??"]

1. e4 d5 2. exd5 Qxd5 3. Nc3 Qa5 4. d4 Nf6 5. Nf3 c6 6. Bc4 Bf5 7. Ne5 e6 8. g4
Bg6 9. h4 Nbd7 10. Nxd7 Nxd7 11. h5 Be4 12. Rh3 Bg2 13. Re3 Nb6 (13... b5 14.
Bd3 b4 15. Ne4 $14) 14. Bd3 $1 Nd5 15. f3 $1 Bb4 (15... Nxc3 16. bxc3 Qxc3+ 17.
Bd2 Qxd4 18. Kf2 Bxf3 19. Kxf3 Bc5 20. Kg2 $14) 16. Kf2 $1 Bxc3 (16... Nxc3 17.
bxc3 Bxc3 18. Rb1 Bxd4 19. Kxg2 Bxe3 20. Bxe3 $16) 17. bxc3 Qxc3 18. Rb1 Qxd4 (
18... Bxf3 19. Qxf3 Qxd4 20. Rxb7 $16) 19. Rxb7 Rd8 (19... Bh3 20. Rxf7 $1 c5
21. Rf5 $3 Nxe3 22. Bxe3 Qb2 23. Rxc5 O-O 24. Kg3 $1 $18) (19... Nf4 20. Kg3
Qd6 21. Ba3 $1 Nxh5+ (21... Qxa3 22. Be4 $1 $18) 22. Kxg2 Qg3+ 23. Kf1 $18) 20.
h6 $3 gxh6 $2 {Lehetõséget ad a nagyon szép befejezõ kombinációra.} (20... Nxe3
{Az egyetlen lépés, amelyik nem veszít azonnal.} 21. Bxe3 Qe5 22. hxg7 Rg8 23.
Qc1 $1 Bxf3 (23... Qh2 24. Bf4 Qh3 25. Qa3 $1 $18) 24. Qa3 Qh2+ 25. Kxf3 Qh3+
26. Ke2 Qxg4+ 27. Kd2 Qh4 28. Qc3 c5 29. Rxa7 $16) (20... g6 21. Bxg6 $1 Qxd1
22. Rxe6+ Kf8 23. Rxf7+ Kg8 24. Rg7+ Kf8 25. Ba3+ $18) 21. Bg6 $3 Ne7 (21...
Qxe3+ 22. Bxe3 fxg6 23. Bc5 $18) (21... Qf6 22. Bxf7+ Qxf7 23. Rxf7 Nxe3 24.
Qxd8+ $1 (24. Qe2 Nd1+ 25. Kxg2 Kxf7 $14) 24... Kxd8 25. Bxe3 Bh3 26. Rxa7 $18)
(21... Qxd1 22. Rxe6+ Kf8 23. Bxh6+ Kg8 24. Bxf7#) 22. Qxd4 Rxd4 23. Rd3 $1 Rd8
24. Rxd8+ Kxd8 25. Bd3 $1 (25. Bd3 Bh1 26. Bb2 Re8 27. Bf6 $18) 1-0

[Event "Groningen (m/1) "]
[Site "?"]
[Date "1997.??.??"]
[Round "?"]
[White "Anand, V."]
[Black "Shirov, A."]
[Result "1-0"]
[WhiteElo "2765"]
[BlackElo "2700"]
[PlyCount "83"]
[EventDate "1997.??.??"]

1. e4 e5 2. Nf3 Nc6 3. Bb5 a6 4. Ba4 Nf6 5. O-O b5 6. Bb3 Bc5 7. a4 Rb8 8. c3
d6 9. d4 Bb6 10. Na3 O-O 11. axb5 axb5 12. Nxb5 Bg4 13. Be3 exd4 14. cxd4 Qe8
15. h3 $1 Bd7 (15... Bxf3 $2 16. Qxf3 Nxe4 17. Bd5) (15... Bh5 16. Ba4 Qxe4 17.
Nc3 Bxf3 18. Nxe4 Bxd1 19. Nxf6+ gxf6 20. Bxc6 $16) 16. Nc3 Nxe4 17. Re1 Nxc3 (
17... Bf5 18. Ba4) (17... Na5 18. Bc2 Nxc3 19. bxc3 Qc8 20. c4 $1) 18. bxc3 $14
Qc8 19. c4 $1 Bf5 20. Re2 Na5 (20... Rd8 21. Ba4 Nb4 22. Bg5 f6 23. Bd2 c5 24.
Bxb4 cxb4 25. Rb2 $14) 21. Ba2 c5 22. d5 $1 Bd8 23. Bd2 Qa6 24. Qa4 Ra8 (24...
Bd3 25. Re3 Bxc4 26. Bxc4 Qxc4 27. Bxa5 Rb1+ 28. Be1 $18) 25. Bc3 $16 Nb7 26.
Qd1 $1 Ba5 $6 (26... Qb6 $16) 27. Bb2 Bb4 $2 28. Nh4 $1 Bg6 (28... Bd7 29. Re7
$1 $18) (28... Bc8 29. Qd3 $1 $40) 29. f4 Qa4 (29... f6 30. Nxg6 hxg6 31. Qd3
$18) 30. Qxa4 $6 (30. Bb3 $1 Qd7 31. Rxa8 Rxa8 32. f5 $1 Bxf5 33. Ba4 $1 Rxa4
34. Nxf5 $18) 30... Rxa4 31. f5 Rfa8 (31... Bh5 32. g4 $18) 32. Re7 $1 Bh5 33.
g4 $1 f6 34. gxh5 Rxa2 35. Rxa2 Rxa2 36. h6 $1 $18 Rxb2 (36... gxh6 37. Bxf6
Nd8 38. Ng6 $1) 37. Rxg7+ Kh8 38. Rxb7 Bc3 39. Rd7 Kg8 40. Rd8+ Kf7 41. Rh8 $1
(41. Ng6 $2 Bd4+ 42. Kh1 (42. Kf1 Rf2+) 42... Rb1+ 43. Kg2 Rb2+ 44. Kf3 Rf2+
45. Kg4 (45. Ke4 hxg6 46. h7 gxf5+ 47. Kd3 Rf3+ 48. Kd2 Rxh3) 45... Rg2+ 46.
Kf4 Rf2+ $11) 41... Bd4+ 42. Kf1 1-0

[Event "Linares "]
[Site "?"]
[Date "1999.??.??"]
[Round "?"]
[White "Anand, V."]
[Black "Szvidler, P."]
[Result "1-0"]
[WhiteElo "2781"]
[BlackElo "2713"]
[PlyCount "61"]
[EventDate "1999.??.??"]

1. d4 Nf6 2. c4 g6 3. Nc3 d5 4. Nf3 Bg7 5. Qb3 dxc4 6. Qxc4 O-O 7. e4 a6 8. e5
b5 9. Qb3 Nfd7 10. h4 c5 11. e6 c4 12. Qd1 Nb6 13. exf7+ Rxf7 14. h5 Nc6 15.
hxg6 hxg6 16. Be3 Bf5 $1 17. Ng5 (17. Be2 Nb4 18. Rc1 e5 $1) 17... Rf6 (17...
Nxd4 $5 18. Nxf7 Kxf7 19. Rc1 e5 20. g4 Be6 21. Bg2 Ra7 $44) 18. g4 Be6 $1 19.
Nce4 (19. Bg2 Bd5 20. Nxd5 Nxd5 $15) 19... Bd5 20. Qd2 (20. Nxf6+ exf6 21. Nf3
Qd7 $15) 20... Rd6 $2 (20... Qd7 $1 $13 21. f3 $140 Rxf3) 21. f3 $1 Bxe4 (21...
Nxd4 $2 22. Bxd4 Bxe4 23. Bxg7 (23. Qh2 $18) 23... Rxd2 24. Be5 $18) 22. fxe4
Nd7 (22... Nxd4 23. Bxd4 $1 Rxd4 (23... Bxd4 24. Qh2 Bg7 (24... Kf8 25. e5 $18)
25. e5 $1 Rc6 26. Be2 $18) 24. Qf2 $1 Qf8 (24... Bf6 25. Rh8+ $1 $18) 25. Qh4
Qf6 26. Be2 $1 $18) 23. Qh2 Nf8 (23... Qb6 24. Bxc4+ bxc4 25. Qh7+ Kf8 26. O-O+
Nf6 27. Qxg6 Kg8 28. Qf7+ Kh8 29. Rf3 Nxg4 30. Rh3+ Nh6 (30... Rh6 31. Rxh6+
Nxh6 32. Qg6 Kg8 33. Rf1 $18) 31. Qf5 Kg8 32. Qh7+ Kf8 33. Rf1+ Ke8 (33... Rf6
34. Ne6+ $18) 34. Qxg7 $18) 24. e5 $1 Rd7 (24... Rxd4 25. Qf2 Qa5+ 26. Ke2 $18)
25. Ne6 $1 Qa5+ (25... Nxe6 26. Bxc4 $1 Qa5+ (26... bxc4 27. Qh7+ Kf7 28. O-O+
$18) 27. Bd2 Qxd2+ 28. Kxd2 Rxd4+ 29. Ke3 bxc4 30. Qh7+ Kf7 31. Raf1+ $18) 26.
Bd2 Nxe5 $1 (26... Qb6 27. Nxg7 $18) 27. Be2 $2 (27. Bg2 $1 c3 (27... Nxg4 28.
Bxa5 Nxh2 29. Bxa8) 28. bxc3 Nxg4 29. Qh3 $18) 27... c3 (27... Qb6 28. Nxg7 $1
Nf7 29. Nf5 gxf5 30. gxf5 $18) 28. Bxc3 $6 (28. bxc3 $1 Nf7 29. Nxg7 Kxg7)
28... b4 29. Nxg7 bxc3 $2 (29... Nf7 $1 30. Bd2 Kxg7 $16) 30. Qh8+ Kf7 31. O-O+
1-0

[Event "Linares "]
[Site "?"]
[Date "1999.??.??"]
[Round "?"]
[White "Topalov, V."]
[Black "Anand, V."]
[Result "0-1"]
[WhiteElo "2700"]
[BlackElo "2781"]
[PlyCount "86"]
[EventDate "1999.??.??"]

1. e4 c6 2. d4 d5 3. e5 Bf5 4. Nc3 e6 5. g4 Bg6 6. Nge2 Ne7 7. Nf4 c5 8. h4
cxd4 9. Nb5 Nec6 10. h5 Be4 11. f3 a6 $1 12. Nd6+ Bxd6 13. exd6 g5 $1 $146 14.
Nh3 h6 15. fxe4 dxe4 16. Bg2 f5 17. O-O O-O $1 {Kevésbé tûnik biztonságosnak} (
17... Rf8 18. gxf5 exf5 19. Bxe4 fxe4 20. Rxf8+ Kxf8 21. Bxg5 hxg5 22. Qg4 $16)
18. c3 $2 {Topalov fonalasan remizhetett volna} (18. gxf5 exf5 19. Bxe4 fxe4
20. Bxg5 $1 Rxf1+ 21. Qxf1 hxg5 22. Qf5 Qd7 23. Qg6+ Qg7 24. Qe8+ Qf8 $11)
18... Qxd6 19. gxf5 (19. Be3 Nd7 $1 20. Bxd4 Nxd4 21. Qxd4 Qxd4+ 22. cxd4 Nb6
$1 $17) 19... exf5 20. Qb3+ (20. Be3 Nd7 $1 21. cxd4 Nb6 $17) 20... Kh8 21.
Bxe4 (21. Qxb7 Nd7 22. Qb3 Nde5 $17) (21. cxd4 Nxd4 22. Qc3 Nbc6 $17) 21...
fxe4 22. Rxf8+ Qxf8 23. Qe6 $1 {Sötétnek két gyalog az elõnye, de vezérszárnya
még nem fejlõdött ki.} Nd7 $1 {Anand úgy érezte, hogy csak tisztáldozattal
biztosíthja elõnyét.} (23... e3 $2 24. cxd4 Nxd4 25. Qe5+ Qg7 26. Qe8+ Qg8 $11
(26... Kh7 $2 27. Bxe3 $1 Nf3+ 28. Kh1 $16)) 24. Qxd7 (24. Bxg5 $2 hxg5 25.
Qxd7 Rd8 $1 26. Qe6 Re8 27. Qg6 Ne5 $19) 24... Rd8 25. Qg4 $1 {A legjobb
védõlépés.} (25. Qxb7 $2 Qd6 $1 (25... Qf3 26. Nxg5 hxg5 27. Qxc6 Qg4+ 28. Kh2
Qxh5+ 29. Kg2 Qg4+ 30. Kh2 Qh4+ 31. Kg1 (31. Kg2 Rf8 $1 $19) 31... Rf8 32. Bd2
Qg4+ 33. Kh1 Qh3+ 34. Kg1 e3 35. Qe4 $1 Qg3+ 36. Kh1 $2 (36. Qg2 Qxg2+ 37. Kxg2
Rf2+ 38. Kg3 Rxd2 39. cxd4 Rxb2 40. Re1 $1 (40. Kg4 $2 e2 41. Kxg5 Rxa2 42. Re1
Kg7 43. Kf4 a5 44. Ke3 a4 45. Kf2 a3 $19) 40... e2 41. a4 Kg7 42. Kf2 $1 $11)
36... exd2 $1 (36... Rf6 37. Qxd4 (37. Qe8+ Kg7 38. Qd7+ Kh6 39. Qxd4 Qf3+ 40.
Kh2 exd2 $1) 37... Qf3+ 38. Kh2 Qf2+ 39. Kh1 exd2 40. Qxf2 Rxf2 41. Kg1 $1 $11)
37. Qxd4+ Kh7 38. Qd7+ (38. Qxd2 Rh8 $1 $19) 38... Kg6 39. Qe6+ Kh5 $1 40. Qe2+
Qg4 41. Qh2+ Kg6 42. Qd6+ Rf6 43. Qxd2 Rf3 $19) 26. Kg2 Qf6 $1 (26... e3 $5 27.
cxd4 (27. Qxa6 g4 $1) 27... g4 $5 28. Ng5 $1 (28. Bxe3 $2 gxh3+ 29. Kxh3 Qe6+
30. Kh2 Qxe3 31. Qxc6 Qf4+ 32. Kh1 Rg8) (28. Ng1 Qe6 $1 29. Qc7 Qe4+ 30. Kg3 e2
$19) 28... hxg5 29. Bxe3 Qd5+ (29... Rb8 30. Qf7 Rxb2+ 31. Kf1 g3) 30. Kg1 Qf3
31. Re1 (31. Bxg5 Nxd4 $1 $19) (31. Qb3 Qg3+ 32. Kh1 Qh3+ 33. Kg1 g3 34. Qc2 g2
35. Re1 Qh1+ 36. Kf2 Rf8+ 37. Ke2 Rf1 38. Qc3 Ne7 39. d5+ Kh7 40. h6 Nf5 41.
Qc7+ Kxh6 42. Qc6+ Kh5 43. Qe8+ Kh4 $19) 31... Qg3+ 32. Kf1 Qh3+ 33. Ke2 (33.
Kg1 g3 $1 $19) 33... Qf3+ $1 34. Kd2 Nxd4 $19) 27. cxd4 Qf3+ $1 28. Kh2 Ne5 $1
29. Qc7 Ng4+ 30. Kg1 Qd1+ 31. Kg2 Rf8 $1 $19) 25... e3 26. b3 {Világosnak volt
mit számolnia, de valamennyi változatban sötét döntõ támadáshoz jut.} (26. cxd4
Rxd4 27. Qe2 Qf5 (27... Rh4 28. Nxg5 $1 Nd4 29. Qxe3 hxg5 30. Kg2 Qf5 31. Qe8+
Kh7 32. Qg6+ Qxg6 33. hxg6+ Kxg6 $17) 28. Qxe3 (28. Bxe3 Rg4+ 29. Kh2 Qe5+ 30.
Kh1 Rg3 $1 31. Qf1 Qe6 $3 (31... Rxe3 32. Qf8+ Kh7 33. Qf7+ Qg7 34. Qf5+ Kh8
$17) 32. Ng1 Rxe3 $19) 28... Re4 (28... Rd1+ 29. Kg2 (29. Kh2 Ne5 $1 $19) 29...
Qd5+ 30. Qf3 $1 (30. Kf2 Ne5 31. Qc3 Rd3 32. Qc8+ Kg7 33. Qc7+ Kf6 $1 34. Qb6+
Kf5) 30... g4 31. Qxd5 gxh3+ 32. Kxh3 Rxd5 33. Bf4) (28... Rg4+ 29. Kh2 Ne5 30.
Qb6 $1 Nf3+ 31. Kh1 Qd5 $1 32. Qxh6+ Kg8 33. Qg6+ Kf8 34. Qf6+ Ke8 35. Qh8+ Kd7
36. Qh7+ Kc8 37. Qc2+ Kb8 38. Qb3 Rc4 $1 39. Bf4+ gxf4 40. Nxf4 Qe4 $19) 29.
Qc3+ (29. Qf2 Qg4+ 30. Qg2 Re1+ 31. Kh2 Re2 32. Nf2 Qh4+ $19) 29... Nd4 $1 30.
Nf2 $8 Re1+ $1 31. Kg2 (31. Qxe1 Nf3+ 32. Kf1 Nxe1 33. Kxe1 g4 $1) 31... Qd5+
32. Kh3) 26... Ne5 27. Qe4 Qf6 $1 28. Kg2 $2 {Kimaradt a jó remiesélyeket
nyújtó} (28. Ba3 $1 Nf3+ $1 29. Kg2 $1 (29. Kh1 Nd2 $1 30. Qxb7 Qf5 $1 31. Qg2
d3 $19) 29... Nd2 30. Qg6 (30. Qxb7 $2 Qf5 $19) 30... Qxg6 31. hxg6 d3 32. Bc1
Nxb3 33. axb3 d2 34. Bxd2 Rxd2+ 35. Kf3 Rd3 36. Ng1 Rxc3 37. b4 Kg7 38. Ne2 Rb3
39. Rd1 Rxb4 40. Rd6 $11) 28... e2 $1 29. Bxg5 $1 (29. Qxe2 d3 $1 30. Qf2 Qc6+
31. Kg3 Qe6 $1 32. Ng1 Qg4+ 33. Kh2 Qxh5+ 34. Kg2 d2 $19) (29. Bd2 Rf8 $1 30.
Qxd4 (30. cxd4 Qf1+ 31. Kh2 Nf3+ 32. Kg3 Qxa1 $19) (30. Qxe2 Qc6+ $19) (30. Ng1
d3 31. Re1 Qf2+ 32. Kh1 Qg3 33. Qg2 Qh4+ 34. Qh2 Qe4+ 35. Qg2 Nf3 36. Nxf3 Rxf3
37. Kg1 g4 $19) 30... Rd8 $1 31. Qe3 Rxd2 $1 $19) (29. Bb2 Rf8 30. Qxe2 dxc3
31. Ba3 (31. Bc1 Qc6+ 32. Kh2 Qe6 33. Kg2 Qd5+ 34. Kg1 Rf3 $19) 31... Qc6+ 32.
Kh2 Nf3+ 33. Kh1 Rd8 34. Qf1 Rd2 $19) 29... hxg5 30. cxd4 Qc6 31. d5 (31. Qxc6
Nxc6 32. Ng1 Re8 33. Re1 Nxd4 $19) 31... Qxd5 32. Qxd5 Rxd5 33. Re1 Rd2 34. Kf2
$1 Rxa2 35. Rxe2 $2 (35. Ke3 $1 Nf7 36. Rxe2 (36. Nf2 Kg7 37. Rxe2 Rxe2+ 38.
Kxe2 Kh6 $17) 36... Rxe2+ 37. Kxe2 Kg7 38. Kf3 Kh6 39. Kg4 a5 40. Nf2 b5 41.
Ne4 a4 42. bxa4 bxa4 43. Nc3 a3 44. Na2 Ne5+ 45. Kf5 Nd7 46. Kg4 Nf6+ 47. Kf5
Kxh5 $19) 35... Nd3+ 36. Ke3 Rxe2+ 37. Kxe2 g4 $1 (37... Nf4+ $4 38. Nxf4 gxf4
39. Kf3 $11) 38. Ng5 Nc1+ 39. Ke3 Nxb3 40. h6 a5 41. Kf4 (41. Ke4 g3 $1) 41...
Nd4 $1 42. Kxg4 a4 43. Kh5 (43. Ne4 a3 44. Nc3 b5 $19) 43... Nc6 (43... Nc6 44.
Kg6 Ne5+ 45. Kf5 a3 $1 46. Kxe5 a2 $19) (43... a3 $4 44. Kg6 $1 $18) 0-1

[Event "Shenyang "]
[Site "?"]
[Date "2000.??.??"]
[Round "?"]
[White "Anand, V."]
[Black "Halifman, A."]
[Result "1-0"]
[WhiteElo "2762"]
[BlackElo "2667"]
[PlyCount "79"]
[EventDate "2000.??.??"]

1. e4 c5 2. Nf3 d6 3. d4 cxd4 4. Nxd4 Nf6 5. Nc3 a6 6. Be3 e6 7. f3 b5 8. g4 h6
9. Qd2 Nbd7 10. O-O-O Bb7 11. h4 b4 12. Na4 Qa5 13. b3 Nc5 14. a3 Rc8 15. Qxb4
Qc7 16. Kb1 $1 $146 Ncd7 (16... d5) 17. Qd2 d5 18. Bh3 dxe4 19. g5 hxg5 20.
hxg5 Nd5 21. fxe4 $6 (21. Bxe6 $1 Rxh1 22. Bxd7+ Qxd7 23. Rxh1 exf3 24. Bf2 $16
) 21... Nxe3 22. Qxe3 Ne5 23. Rhf1 Bxa3 (23... g6 $5) 24. g6 Nxg6 25. Bxe6 $1
fxe6 26. Nxe6 (26. Qg5 Bxe4 $1 27. Nxe6 Qe7 28. Qg4 Bxc2+ 29. Ka2 Bxb3+ 30.
Kxb3 Rb8+ 31. Ka2 Rh2+ $19) 26... Qe7 $2 {Halifman remizhetett volna} (26...
Qxc2+ $4 27. Ka1 $18) (26... Qe5 $1 27. Qb6 Bxe4 28. Rd8+ Ke7 29. Nf8 $3 (29.
Qa7+ Rc7 30. Nxc7 Kxd8 (30... Rxd8 31. Nd5+ Ke6 32. Qf7+ Kd6 33. Qc7+ Kxd5 (
33... Ke6 34. Qc6+ Qd6 35. Nc7+ Ke7 36. Qxe4+ Ne5 37. Rf5 $18) 34. Nb6+ Kd4 35.
Qxd8+ $18) 31. Rd1+ Bd6 32. Nc5 $1 (32. Nxa6 Rh1 $1 (32... Bxc2+ 33. Kxc2 Rh2+
34. Kb1 Qe4+ 35. Ka1 Rd2 36. Qb6+ Ke7 37. Rxd2 Qe1+ 38. Ka2 Qxd2+ 39. Nb2 $11)
(32... Rh2)) 32... Bxc2+ (32... Bf5 33. N7e6+ Bxe6 34. Rxd6+ Qxd6 35. Nb7+) 33.
Ka2 Bxb3+ (33... Bf5 34. Rxd6+ Qxd6 35. Nb7+ Kxc7 36. Nxd6+ Kxd6 37. Qxg7 $11)
(33... Bxd1 34. N7e6+ Qxe6 35. Nxe6+ Kc8 36. Nd4 $11) 34. Kxb3 (34. Ka3 Bxd1 $1
$19) 34... Rh3+ 35. Ka4 Rh4+ 36. Kb3 $1 $11 (36. Ka5 Qc3+ $19)) 29... Bxc2+ (
29... Rxd8 30. Qa7+ Kd6 31. Rd1+ $18) 30. Ka2 Nxf8 (30... Rxf8 31. Rfxf8 $16) (
30... Rxd8 31. Qb7+ Kd6 32. Qxa6+ $11) 31. Rxc8 Nd7 32. Qxa6 Rxc8 33. Qxc8
Bxb3+ 34. Kxb3 Qb5+ 35. Kxa3 Qxf1 36. Nc3 $11) 27. Qb6 $1 Nf8 (27... Rh6 28.
Rd8+ Rxd8 29. Nc7+ Qxc7 30. Qxc7 Rd7 31. Qb8+ Ke7 32. Qg8 $18) (27... Ne5 28.
Rd8+ Rxd8 29. Nc7+ Kd7 30. Qxb7 Qg5 31. Nb6+ Kd6 32. Nbd5 Nc6 33. Qxa6 Bc5 34.
Nb5+ $18) 28. Rd8+ Rxd8 29. Nc7+ Qxc7 (29... Kd7 30. Qxb7 $18) 30. Qxc7 Rd7 31.
Qb8+ Ke7 32. Qe5+ Ne6 33. Rg1 $18 Kf7 (33... Rg8 34. Rg6 $1 Rd6 35. Ka2 Bc1 36.
Nc3 Bf4 37. Rxe6+ Rxe6 38. Qxf4 Rc8 39. Qg4 $1 Kf7 40. Qf5+ Ke7 41. Nd5+ $18)
34. Nb6 Rhd8 35. Ka2 Bf8 36. Nxd7 (36. Qf5+ Ke7 37. Rf1) 36... Rxd7 37. Qf5+ (
37. Rf1+ Ke7 38. Rxf8 Kxf8 39. Qxe6) 37... Ke7 38. Rf1 Bc8 39. Qf7+ Kd6 40. e5+
(40. e5+ Kd5 41. Rd1+) (40. Rd1+ Kc7 41. Qxe6 Rxd1 42. Qf7+) 1-0

[Event "Hyderabad "]
[Site "?"]
[Date "2002.??.??"]
[Round "?"]
[White "Anand, V."]
[Black "Kaszimdzsanov, R."]
[Result "1-0"]
[WhiteElo "2755"]
[BlackElo "2653"]
[PlyCount "60"]
[EventDate "2002.??.??"]

1. e4 c5 2. Nf3 Nc6 3. d4 cxd4 4. Nxd4 Nf6 5. Nc3 e5 6. Ndb5 d6 7. Bg5 a6 8.
Na3 b5 9. Bxf6 gxf6 10. Nd5 Bg7 11. Bd3 Ne7 12. Nxe7 Qxe7 13. O-O O-O 14. c4 f5
15. Qf3 bxc4 16. Nxc4 d5 17. exd5 e4 18. Qe3 Bb7 19. d6 Qf6 20. Bc2 f4 21. Qh3
Rac8 22. b3 Qg5 23. d7 $1 $146 {Anand a fontos újítást a partira készítette
elõ.} Rc6 (23... Rcd8 24. Nd6 $1 Bc6 25. Nxe4 Bxe4 26. Bxe4 $18) (23... Rc5 24.
Rad1 Bd5 25. Rxd5 Qxd5 26. Rd1 Bd4 (26... Qa8 27. Bxe4 Qxe4 28. d8=Q $18) 27.
Qg4+ Kh8 28. Qxf4 Rd8 29. Nb6 Qe6 30. Bxe4 Qxb6 31. Rxd4 Qe6 32. Bd3 Rxd7 33.
Rxd7 Qxd7 34. Qh6 $1) (23... Rxc4 24. bxc4 Bxa1 25. Rxa1 Rd8 26. Ba4 $16) 24.
Bxe4 Rh6 25. Qf5 Qh4 26. h3 Rf6 $2 (26... Bxe4 27. Qxe4 Re6 28. Qd5 Bxa1 29.
Rxa1 $16) (26... Rh5 27. Qg4 Bxe4 28. Qxh4 Rxh4 29. Rad1 $1 Rd8 30. Rfe1 f5 31.
f3 Bc3 (31... Bc6 32. Rd6 $16) 32. Re2 Bc6 33. Rc2 (33. Rd6 Rxd7 34. Rxc6 Rd1+
35. Kh2 Be1 (35... Bd4 36. g3) 36. Rxe1 Rxe1 37. Rxa6) 33... Bf6 (33... Bg7 34.
Nd6 Rxd7 35. Rxc6 Rh6 36. Rd5 $1 Bf8 37. Nxf5 $18) 34. Nb6 Bb7 35. Rc7 Bxf3 36.
gxf3 $16) 27. d8=Q $1 (27. Qe5 Re6 28. Qxe6 fxe6 29. Bxb7 Bxa1 30. Rxa1) 27...
Rxd8 28. Qa5 Bxe4 (28... Rd7 29. Bxb7 Rxb7 30. Qd8+ Bf8 31. Ne5 $18 (31. Rae1
Qh6 32. Re8 $18)) 29. Qxd8+ Bf8 30. f3 Bf5 (30... Bf5 31. Nd6 Bxh3 32. Ne4 $18)
1-0

[Event "Dortmund "]
[Site "?"]
[Date "2003.??.??"]
[Round "?"]
[White "Anand, V."]
[Black "Bologan, V."]
[Result "1-0"]
[WhiteElo "2774"]
[BlackElo "2650"]
[PlyCount "71"]
[EventDate "2003.??.??"]

1. e4 c6 2. d4 d5 3. Nc3 dxe4 4. Nxe4 Nd7 5. Ng5 Ngf6 6. Bd3 e6 7. N1f3 Bd6 8.
Qe2 h6 9. Ne4 Nxe4 10. Qxe4 Qc7 11. O-O b6 12. Qg4 g5 13. Qh3 Rg8 14. Re1 $1
$146 Bf8 $1 (14... g4 15. Qxh6 gxf3 16. Rxe6+ fxe6 (16... Be7 17. Rxe7+ Kxe7
18. Bf4 $18) 17. Qxe6+ Be7 18. Qxg8+ Nf8 19. Bg6+ $1 Kd7 20. Bf5+ Ke8 21. Bh6
$1 Qd6 (21... Bxf5 $2 22. Re1) 22. Bxf8 Bxf8 23. Re1+ Kd8 24. Qf7 Be7 25. Bxc8
Rxc8 26. Qxf3 $16) 15. Qf5 (15. Rxe6+ Kd8 $8 16. Rxh6 (16. Bh7 Nc5 (16... Rh8
17. Rxh6 Nf6 18. Bxg5 $1 Bxh3 19. Bxf6+ Kc8 20. Rxh3 $18) (16... Nf6 17. Rxf6
Bxh3 18. Bxg8 Be6 19. Bxf7 Qe7 $1 (19... Bxf7 20. Ne5) 20. Rxe6 Qxf7 21. Rxc6
Rc8 22. Rxc8+ Kxc8 23. Be3 Qc4 24. c3 Qe2 25. Nd2 Qd3 26. Rc1 Bd6 27. g3 $16) (
16... Rg7 17. Qxh6 (17. Rxh6 $5 Nf6 18. Bf5 g4 19. Qg3 gxf3 (19... Qxg3) 20.
Qxc7+ Kxc7 21. Rxf6 Rxg2+ 22. Kf1 Ba6+ 23. Bd3 Bxd3+ 24. cxd3 Kd7 25. h3 Be7
26. Rxf3 Rag8 27. Ke2 Rg1 $1) 17... fxe6 18. Bxg5+ Rxg5 19. Nxg5 $1 (19. Qxg5+
Be7 20. Qg8+ Nf8 21. Ne5 Bd7 22. Be4 $13) 19... Bxh6 20. Nxe6+ Ke7 21. Nxc7 Rb8
22. Re1+ Kf7 23. Ne6 c5 24. Nd8+ Kg7 25. Bf5 $16) 17. Bxg8 Bxe6 18. Qg3 (18.
Qh5 Ne4 19. Ne5 Nf6 20. Qf3 Bg7 $1 (20... Nxg8 21. Nxc6+ Ke8 22. d5 $44) 21.
Nxc6+ Ke8 22. Nb4 Rd8) 18... Bd6 (18... Qxg3 19. hxg3 Nd7 20. Bh7 Nf6 21. Bd3
Bd6) 19. Ne5 Kc8 $1) (16. Re1 Ne5 $1 (16... Nf6 17. Qg3 $1 $16) 17. Bf5 (17.
Qg3 $2 Nxd3 18. cxd3 Qxg3 19. hxg3 Be6) 17... g4 18. Qh5 Nxf3+ 19. gxf3 Bxf5
20. Qxf5 Qd7 $1 21. Qxd7+ Kxd7 22. Kg2 Bd6 $14) 16... Ne5 $1 (16... Nf6 17. Bf5
(17. Qxc8+ Kxc8 18. Rxf6 Bg7 $1 (18... Kb7 19. Ne5 $16) (18... Bd6 19. Nxg5 Qe7
20. Ba6+ Kb8 21. Rxd6 $3 Qxd6 22. g3 Kc7 23. Bf4 Rxg5 24. Bxd6+ Kxd6 $16) 19.
Ba6+ Kd8 $1 (19... Kb8 20. Bxg5 $1 Bxf6 21. Bxf6 Re8 22. Re1 Rxe1+ 23. Nxe1 $18
) 20. Rf5 f6 21. d5 Re8 $1 (21... c5 22. Nxg5 $1 Re8 23. Ne6+ $18) 22. Be3 c5
$13) 17... g4 (17... Bxh6 18. Qxh6) 18. Qh4 Bxh6 (18... gxf3 19. Rxf6 $1 (19.
Qxf6+ Qe7 $1 (19... Be7 20. Qxf7 Rxg2+ 21. Kh1 $18)) 19... Rxg2+ 20. Kh1 Bxf5
21. Rxf5+ Kc8 22. Rxf3 $18) 19. Bxh6 (19. Ne5 Bg7) (19. Qxf6+ Qe7 20. Qxc6 gxf3
(20... Bb7 21. Qxh6 gxf3 22. Bf4 Rxg2+ 23. Kh1 $18) 21. Bxh6 (21. Qd5+ Kc7 $1 (
21... Ke8 22. Bxh6 Rxg2+ 23. Kh1 Bb7 24. Qb5+ Kd8 25. Bf4 $1 f6 26. Bg3 $18)
22. Bxh6 Rxg2+ 23. Kh1 Rxh2+ 24. Kxh2 Qh4+ 25. Kg1 Bxf5 $1)) 19... gxf3 20.
Qxf6+ Qe7 21. Qxc6 Bb7 (21... Rxg2+ 22. Kh1 Rxh2+ 23. Kxh2 Qh4+ 24. Kg1 Bxf5
25. Qxa8+ $18) 22. Qb5 Rxg2+ 23. Kh1 $16) 17. Qg3 $1 (17. Bf5 $2 Nxf3+ 18. gxf3
Bxh6 $17) 17... Nxf3+ (17... Nxd3 18. Bxg5+ $18) 18. Qxf3 Bxh6 19. Qf6+ Qe7 20.
Qxh6 Kc7 $1 (20... Be6 21. f4 $1 $16) 21. Bd2 Be6 $14) 15... Bg7 16. h4 (16.
Rxe6+ $2 fxe6 17. Qxe6+ Kf8 $17) (16. Bc4 Nf6 17. Qd3 Bb7 18. Ne5 Nd5 19. Bxd5
cxd5) 16... Kf8 (16... gxh4 $2 17. Bf4 Qd8 18. Rxe6+ $18) 17. Qh3 Rh8 $1 18.
hxg5 hxg5 19. Qg4 c5 20. Bxg5 $1 (20. Qxg5 Bb7 21. Bf4 Qd8 22. Ne5 $1 Nxe5 (
22... cxd4 23. Nxf7 $1) 23. dxe5 Bh6 $1 24. Qg4 Bxf4 25. Qxf4 Qh4 26. Qxh4 Rxh4
27. f3 Ke7 28. Kf2 $14) 20... cxd4 21. Rad1 $3 Bb7 (21... Nc5 22. Bf4 Qd8 (
22... e5 23. Qxg7+) 23. Qg3 $18) (21... a5 22. Bb5 e5 (22... Qxc2 23. Nxd4 Qh7
24. Nxe6+ fxe6 25. Be7+ $1 $18) (22... Ne5 23. Nxe5 Bxe5 24. Qe4 Bh2+ 25. Kf1
Bb7 26. Qxd4 $18) 23. Qg3 $1 $16) (21... a6 22. Be7+ Kg8 23. Bh4 $1) 22. Rxe6
$1 fxe6 (22... Bxf3 23. Qxf3 Qh2+ 24. Kf1 $18) 23. Be7+ Kxe7 (23... Kf7 24.
Qg6+ Kxe7 25. Qxg7+) 24. Qxg7+ Kd6 25. Nxd4 $1 Qc5 26. Bf5 (26. Bb5 $4 Rh1+ 27.
Kxh1 Qh5+ 28. Kg1 Qxd1+ $19) (26. Nb5+ Kc6 27. Be2 Rad8 28. c4 $1 Qe5 29. Nxa7+
Kc5 30. Qe7+) 26... Qe5 27. Nf3+ Qd5 28. Qg3+ Ke7 29. Rxd5 Bxd5 30. Qg5+ Kd6
31. Qf4+ Ke7 32. Be4 $18 Rh5 33. Nh4 Rg8 34. Ng6+ Kd8 35. Qf7 (35. g4 $4 Rxg6)
35... Re8 36. Bd3 (36. Bd3 Rg5 37. f3 Bc6 38. c4 $18) 1-0